Intellectual Foundations of Muslim Civilization (Record no. 10703)

MARC details
000 -LEADER
fixed length control field 00630nam a2200253 a 4500
020 ## - INTERNATIONAL STANDARD BOOK NUMBER
ISBN
082 00 - DEWEY DECIMAL CLASSIFICATION NUMBER
Classification number 181.07
Author Cutter ALI
100 ## - MAIN ENTRY--AUTHOR NAME
Author name Ali, Shaukat
245 ## - TITLE STATEMENT
Title Intellectual Foundations of Muslim Civilization
260 ## - PUBLICATION, DISTRIBUTION, ETC. (IMPRINT)
Place of publication Delhi
Name of publisher Al-Amin Publications
Year of publication 1993
300 ## - PHYSICAL DESCRIPTION
Number of Pages 192p
500 ## - GENERAL NOTE
General note includes index and biblioraphy
505 2# - FORMATTED CONTENTS NOTE
Formatted contents note Index
650 ## - SUBJECT ADDED ENTRY--TOPICAL TERM
Topical Term Philosophy-Islamic
650 ## - SUBJECT ADDED ENTRY--TOPICAL TERM
Topical Term Civilization-Islamic
942 ## - ADDED ENTRY ELEMENTS (KOHA)
Koha item type Books
700 1# -
-- Ali, Shaukat
Holdings
Collection code Home library Current library Date acquired Cost, normal purchase price Full call number Accession Number Koha item type
  Henry Martyn Institute Library Henry Martyn Institute Library 03/16/2007 80.00 181.07 ALI 017206 Books
                   Copyright © 2026 | Henry Martyn Institute | Hyderabad | TS-500052 | INDIA | Implemented by hmi.edu.in
Hit-Count:

Powered by Koha